000 01248nam a22003017a 4500
999 _c63403
_d63403
005 20240530110639.0
008 171007s2015 ua a f 000 0 ara d
017 _a2014/17674
_bمصر. دار الكتب
020 _a9789777352093
040 _aEG-CaGPL
_cEG-CaGPL
082 0 7 _221
_a622.3\
_bس ج
100 0 _aسالى رمضان عبدالمنعم محمد حارس .
245 1 0 _aجغرافيا الثروة المعدنية و التعدين بالعالم /
_cسالى رمضان عبدالمنعم محمد حارس .
250 _aط.1
260 _aالاسكندرية :
_bدار الوفاء لدنيا الطباعة و النشر ،
_c2015 .
300 _a518 ص. ؛
_c24 سم .
504 _aببليوجرافية : ص 507 - 518
650 0 7 _2qrmak
_aالموارد الطبيعية
650 0 7 _2qrmak
_aالموارد الطبيعية
_zالنرويج
650 0 7 _2qrmak
_aالغاز الطبيعى
_zمصر
650 0 7 _2qrmak
_aالفحم الحجرى
650 0 7 _2qrmak
_aالفوسفات
_zمصر
650 0 7 _2qrmak
_aالبترول
650 0 7 _2qrmak
_aالغاز الطبيعى
650 0 7 _2qrmak
_aالثروة المعدنية
942 _2ddc
_cBK